000 00994nam a22002417a 4500
001 9338
003 FISKH
005 20251211110645.0
008 251211b cb ||||| |||| 00| 0 eng d
040 _aFISKH
_beng
_cFISKH
_dFISKH
082 _a960
100 _aDutta, Shyama
245 _aLet's know about Africa /
260 _aViman Nagar :
_bUnicate Press,
_c2003.
300 _a12 unnumbered pages :
_bcolor illustrations ;
_c21 cm
505 _aG
520 _a"Let's Know About Africa" offers an engaging and accessible introduction to the continent of Africa, exploring its diverse geography, rich cultures, wildlife, and history. With simple explanations and illustrations, this book is designed to educate young readers about Africa in a fun and engaging way. Ideal for early readers or educational use.
521 8 _a400
_bLexile estimate
521 8 _aG
_bRaz-Plus
650 _aCultural Education History
_vEarly Reader
942 _2ddc
_cBK
_n0
999 _c9338
_d9338